V chiži zmer, šťasťa, zdravia Vianočné zvyky ľudu Horehronia

Bibliographic Details
Main Author: Majling, Vojtech, 1938-2021 (Author)
Format: Article
Language:Slovak
PhysicalDescription:Fotogr. 1
Subjects:

MARC

LEADER 00000nab a2200000 a 4500
001 vtls000568599
003 SK-MaSNL
005 20260304020013.0
008 150501c1995 xo 0 slo
015 |a SNBRB19rr/mm-uuuuu 
035 |a CL0568737 
040 |a SNKBUCL  |b slo  |c SNKBUCL  |e AACR2 
041 0 |a slo 
044 |a xo  |c SK 
080 |a 398.332.41(437.6)  |2 1981 
100 1 |a Majling, Vojtech,  |d 1938-2021  |4 aut  |9 250738 
245 1 0 |a V chiži zmer, šťasťa, zdravia  |b Vianočné zvyky ľudu Horehronia  |c Vojtech Majling 
300 |b Fotogr. 1 
650 0 7 |a ľudové zvyky  |2 snkbucl  |9 66558 
650 0 7 |a Vianoce  |2 snkbucl  |9 3412 
651 7 |a Horehronie (Slovensko : región)  |2 snkbucl  |9 165103 
655 7 |a články z novín a časopisov  |2 snkbucl  |9 267496 
773 0 |t Slovenská republika víkend  |g Roč. 2, č. 51/296 (1995), s. 17 
850 |a Slovenská národná knižnica v Martine  |a MTA001 
852 |a SNK  |b KIS3GCP 
958 |a RK 
958 |a SK 
992 |a RBX 
999 |c 2595898  |d 2597828